000 00246nam a22001097a 4500
082 _a808.3 SOL'F
100 _aSOLZHENITSGN, ALAKSANDR I
_979281
245 _aTHE FISRT CIRCLE
260 _aNEWYORK
_b1969
_cABARTON
300 _a674P
942 _cBK
999 _c584335
_d584335